NBA Best Center per Franchise - Statistics

General Stats
  • This quiz has been taken 249 times
  • The average score is 20 of 30
Answer Stats
Hint Answer % Correct
Miami Heat Shaquille O'neal
98%
Orlando Magic Shaquille O'neal
98%
Los Angeles Lakers Kareem Abdul-Jabbar
95%
Milwaukee Bucks Kareem Abdul-Jabbar
95%
Boston Celtics Bill Russell
92%
Houston Rockets Hakeem Olajuwon
91%
Golden State Warriors Wilt Chamberlain
90%
Philadelphia 76ers Wilt Chamberlain
90%
Memphis Grizzlies Marc Gasol
87%
San Antonio Spurs David Robinson
86%
New York Knicks Patrick Ewing
85%
Atlanta Hawks Dikembe Mutombo
74%
Charlotte Hornets Alonzo Mourning
73%
Portland Trail Blazers Bill Walton
73%
Brooklyn Nets Brook Lopez
72%
New Orleans Hornets Anthony Davis
71%
Washington Wizards Wes Unseld
68%
Minnesota Timberwolves Karl Anthony-Towns
63%
Chicago Bulls Artis Gilmore
61%
Utah Jazz Mark Eaton
57%
Los Angeles Clippers Bob McAdoo
56%
Phoenix Suns Amare Stoudemire
55%
Sacramento Kings Demarcus Cousins
46%
Cleveland Cavaliers Brad Daugherty
42%
Detroit Pistons Bob Lanier
40%
Toronto Raptors Jonas Valanciunas
35%
Oklahoma City Thunder Jack Sikma
34%
Denver Nuggets Dan Issel
26%
Dallas Mavericks James Donaldson
18%
Indiana Pacers Mel Daniels
9%
No matching quizzes found
Score Distribution
Percent of People with Each Score
Percentile by Number Answered
Your Score History
You have not taken this quiz